<?xml version="1.0" encoding="UTF-8"?>
<record
    xmlns:xsi="http://www.w3.org/2001/XMLSchema-instance"
    xsi:schemaLocation="http://www.loc.gov/MARC21/slim http://www.loc.gov/standards/marcxml/schema/MARC21slim.xsd"
    xmlns="http://www.loc.gov/MARC21/slim">

  <leader>00752    a2200133   4500</leader>
  <datafield tag="082" ind1=" " ind2=" ">
    <subfield code="a">701</subfield>
    <subfield code="b">C585c</subfield>
  </datafield>
  <datafield tag="100" ind1=" " ind2=" ">
    <subfield code="a">Clair, Jean</subfield>
    <subfield code="9">521</subfield>
  </datafield>
  <datafield tag="245" ind1=" " ind2=" ">
    <subfield code="a">Considerations sur l'etat des beaux- arts</subfield>
    <subfield code="b">Critique de la modernite</subfield>
  </datafield>
  <datafield tag="260" ind1=" " ind2=" ">
    <subfield code="a">Francia</subfield>
    <subfield code="b">Editions Gallimard</subfield>
    <subfield code="c">1983</subfield>
  </datafield>
  <datafield tag="300" ind1=" " ind2=" ">
    <subfield code="a">193 p</subfield>
    <subfield code="c">20.5 cm</subfield>
  </datafield>
  <datafield tag="505" ind1=" " ind2=" ">
    <subfield code="t">I. Les relations d'incertitude</subfield>
    <subfield code="t">II. Cronos et Mnemosyne</subfield>
    <subfield code="t">III. Existence et persistance</subfield>
    <subfield code="t">IV. Modernite et avant-garde</subfield>
    <subfield code="t">V. L'avant-garde et le realisme socialiste</subfield>
    <subfield code="t">VI. Le classique et le concret</subfield>
    <subfield code="t">VII. Novum et renouveau</subfield>
    <subfield code="t">VIII. Kunstwollen ou Kunstkonnen</subfield>
    <subfield code="t">IX. Le retour au dessin</subfield>
    <subfield code="t">X. Eloge du pastel</subfield>
    <subfield code="t">XI. Metier, mythe el memoire</subfield>
    <subfield code="t">XII. Apocalypsis cum figura</subfield>
  </datafield>
  <datafield tag="650" ind1=" " ind2=" ">
    <subfield code="a">Arte moderno</subfield>
    <subfield code="v">arte - psicologa&#x315;</subfield>
    <subfield code="v">crt&#x315;ica de arte</subfield>
    <subfield code="9">552</subfield>
  </datafield>
  <datafield tag="700" ind1=" " ind2=" ">
    <subfield code="a">Jean Clair</subfield>
    <subfield code="9">522</subfield>
  </datafield>
  <datafield tag="999" ind1=" " ind2=" ">
    <subfield code="c">103</subfield>
    <subfield code="d">103</subfield>
  </datafield>
  <datafield tag="952" ind1=" " ind2=" ">
    <subfield code="0">0</subfield>
    <subfield code="1">0</subfield>
    <subfield code="2">ddc</subfield>
    <subfield code="4">0</subfield>
    <subfield code="7">0</subfield>
    <subfield code="a">LV</subfield>
    <subfield code="b">LV</subfield>
    <subfield code="c">Pensamiento</subfield>
    <subfield code="d">2014-05-03</subfield>
    <subfield code="l">0</subfield>
    <subfield code="o">701 C585c</subfield>
    <subfield code="p">000095</subfield>
    <subfield code="r">2014-05-03 00:00:00</subfield>
    <subfield code="w">2014-05-03</subfield>
    <subfield code="y">01</subfield>
  </datafield>
</record>
